000 01244nam a22001817a 4500
005 20250206150242.0
008 241007b ||||| |||| 00| 0 eng d
040 _cSSBUL
082 _223
_a၂၉၄.၃၀၉၂ သိန်း
_b၁၃၁၉၄ S-SAT
100 0 _aသိန်း၊ ဆရာ ၊မှော်ဘီ။
245 1 _aဘွဲ့တံဆိပ်တော်ရ ဆရာတော်များနှင့် ရှေးနှောင်းထင်ပေါ် ဆရာတော် (၁၀၅) ပါးတို့၏ အတ္ထုပ္ပတ္တိအကျဉ်း /
_bမှော်ဘီဆရာသိန်းကြီး နှင့်မင်းလှသီရိသီဟသူ။
260 _aစစ်ကိုင်း ၊
_bသီတဂူကမ္ဘာ့ဗုဒ္ဓတက္ကသိုလ်၊
_c၂၀၀၉။
300 _aဖ၊ ၁၉၁ စာမျက်နှာ ၊
_b၂၁ စင်တီ။
500 _aS-SAT: Dr. Sai Aung Tun
650 _aဆရာတော်များ
_xထေရုပ္ပတ္တိ။
_954907
650 _aဗုဒ္ဓဘာသာရဟန်းတော်များ
_xထေရုပ္ပတ္တိ။
_957386
942 _2ddc
_cBK1
999 _c40932
_d40932